Movies of 2009 Quiz Stats

 Plays Quiz Updated Jan 27, 2019

Support Sporcle.
Go Orange.
Score 0/16 Timer 06:00
2 Plays Today
Picture Movie % Correct
Avatar
97.1%
Taken
88.4%
Sherlock Holmes
88.3%
Star Trek
84.8%
Up
83.9%
The Hangover
81.9%
The Blind Side
80.6%
Cloudy with a Chance of Meatballs
76.1%
Picture Movie % Correct
Zombieland
70.5%
Harry Potter and the Half-Blood Prince
70.1%
Inglourious Basterds
67.9%
Paranormal Activity
65.5%
(500) Days of Summer
59%
The Hurt Locker
58.6%
District 9
55.7%
Crazy Heart
32.1%

From the Vault

Which Army?

by Scuba_Steve

History 8m
Finally an answer to the age-old question: "You and whose army?"
Remove Ads.
Support Sporcle.
Get the best of Sporcle when you Go Orange. This ad-free experience offers more features, more stats, and more fun while also helping to support Sporcle. Thank you for becoming a member.

Show Comments

Extras

Top Quizzes Today


Score Distribution

Your Account Isn't Verified!

In order to create a playlist on Sporcle, you need to verify the email address you used during registration. Go to your Sporcle Settings to finish the process.

Report this User

Report this user for behavior that violates our Community Guidelines.

Details: